Trade, balance of payments and growth : (Record no. 61005)
[ view plain ]
| 000 -LEADER | |
|---|---|
| fixed length control field | 00999nam a2200277 a 4500 |
| 001 - CONTROL NUMBER | |
| control field | 61005 |
| 003 - CONTROL NUMBER IDENTIFIER | |
| rucl marc code | BD-RjUL |
| 005 - DATE AND TIME OF LATEST TRANSACTION | |
| control field | 20211209080918.0 |
| 008 - FIXED-LENGTH DATA ELEMENTS--GENERAL INFORMATION | |
| fixed length control field | 170105r19751971ne c b 011 0 eng d |
| 020 ## - INTERNATIONAL STANDARD BOOK NUMBER | |
| International Standard Book Number | 0444100946 |
| 035 ## - SYSTEM CONTROL NUMBER | |
| System control number | (BD-RjUL)61129 |
| 040 ## - CATALOGING SOURCE | |
| Original cataloging agency | BD-RjUL |
| Language of cataloging | eng |
| Transcribing agency | BD-RjUL |
| 041 ## - LANGUAGE CODE | |
| Language code of text/sound track or separate title | eng |
| 082 ## - DEWEY DECIMAL CLASSIFICATION NUMBER | |
| Classification number | 382.101 |
| Author mark and year | TRA 1975 |
| 245 00 - TITLE STATEMENT | |
| Title | Trade, balance of payments and growth : |
| Remainder of title | papers in international economics in honor of Charles P. Kindleberger / |
| Statement of responsibility, etc. | edited by Jagdish N. Bhagwati ... [et al.] |
| 260 ## - PUBLICATION, DISTRIBUTION, ETC. (IMPRINT) | |
| Place of publication, distribution, etc. | Amsterdam ; |
| -- | London : |
| Name of publisher, distributor, etc. | North-Holland, |
| Date of publication, distribution, etc. | 1971 [Reprinted 1975] |
| 300 ## - PHYSICAL DESCRIPTION | |
| Pagination | xi, 532 p. : |
| Illustrations | ill. ; |
| Size | 23 cm. |
| 504 ## - BIBLIOGRAPHY, ETC. NOTE | |
| Bibliography, etc | Includes bibliographical references and index. |
| 650 #0 - SUBJECT ADDED ENTRY--TOPICAL TERM | |
| Topical term or geographic name as entry element | Balance of payments. |
| 9 (RLIN) | 173613 |
| Topical term or geographic name as entry element | International economic relations. |
| 9 (RLIN) | 172391 |
| Topical term or geographic name as entry element | International trade. |
| 9 (RLIN) | 172390 |
| 700 1# - ADDED ENTRY--PERSONAL NAME | |
| Personal name | Bhagwati, Jagdish N., |
| Dates associated with a name | 1934- |
| Personal name | Kindleberger, Charles Poor, |
| Dates associated with a name | 1910-2003. |
| 942 ## - ADDED ENTRY ELEMENTS (KOHA) | |
| Source of classification or shelving scheme | Dewey Decimal Classification |
| Koha item type | Books |
| Lost status | Source of classification or shelving scheme | Damaged status | Not for loan | Collection code | Permanent Location | Current Location | Shelving location | Date acquired | Source of acquisition | Total Checkouts | Full call number | Date last seen | Copy number | Koha item type |
|---|---|---|---|---|---|---|---|---|---|---|---|---|---|---|
| Dewey Decimal Classification | Not For Loan | Non-fiction | Central Library, University of Rajshahi | Central Library, University of Rajshahi | Reading Room | 10/10/1980 | Netherland | 382.101 TRA 1975 | 05/01/2017 | C-1 | Books |